Les épidémies sont-elles le prétexte à la mise en place d’un contrôle numérique des populations ? (notice n° 1591928)
[ vue normale ]
| 000 -LEADER | |
|---|---|
| fixed length control field | 01472cam a2200205 4500500 |
| 005 - DATE AND TIME OF LATEST TRANSACTION | |
| control field | 20251228065621.0 |
| 041 ## - LANGUAGE CODE | |
| Language code of text/sound track or separate title | fre |
| 042 ## - AUTHENTICATION CODE | |
| Authentication code | dc |
| 100 10 - MAIN ENTRY--PERSONAL NAME | |
| Personal name | Lego, Gaëlle |
| Relator term | author |
| 245 00 - TITLE STATEMENT | |
| Title | Les épidémies sont-elles le prétexte à la mise en place d’un contrôle numérique des populations ? |
| 260 ## - PUBLICATION, DISTRIBUTION, ETC. | |
| Date of publication, distribution, etc. | 2022.<br/> |
| 500 ## - GENERAL NOTE | |
| General note | 96 |
| 520 ## - SUMMARY, ETC. | |
| Summary, etc. | L’irruption du Covid sur la scène mondiale a fait effraction dans nos manières de vivre et de penser en dévoilant ce qui était déjà là ; l’effondrement produit par le système économique globalisant a, depuis longtemps, phagocyté l’ordre symbolique qui contenait nos valeurs, les grands récits structurant nos collectifs et a, ainsi, révélé le réel de la vie et de la mort dans toute sa crudité. Les mesures coercitives instaurées brutalement viennent pallier ce grand désordre. Aujourd’hui, avec l’armature des nouvelles technologies et la crise sanitaire, le gouvernement donne de la légitimité à l’instauration d’une surveillance numérique inédite des populations. Le dernier rapport du Sénat va dans ce sens. |
| 690 ## - LOCAL SUBJECT ADDED ENTRY--TOPICAL TERM (OCLC, RLIN) | |
| Topical term or geographic name as entry element | Épidémie |
| 690 ## - LOCAL SUBJECT ADDED ENTRY--TOPICAL TERM (OCLC, RLIN) | |
| Topical term or geographic name as entry element | rapport du Sénat juin 2021 |
| 690 ## - LOCAL SUBJECT ADDED ENTRY--TOPICAL TERM (OCLC, RLIN) | |
| Topical term or geographic name as entry element | rupture du contrat social |
| 690 ## - LOCAL SUBJECT ADDED ENTRY--TOPICAL TERM (OCLC, RLIN) | |
| Topical term or geographic name as entry element | surveillance numérique |
| 786 0# - DATA SOURCE ENTRY | |
| Note | VST - Vie sociale et traitements | 154 | 2 | 2022-05-04 | p. 30-36 | 0396-8669 |
| 856 41 - ELECTRONIC LOCATION AND ACCESS | |
| Uniform Resource Identifier | <a href="https://shs.cairn.info/revue-vie-sociale-et-traitements-2022-2-page-30?lang=fr&redirect-ssocas=7080">https://shs.cairn.info/revue-vie-sociale-et-traitements-2022-2-page-30?lang=fr&redirect-ssocas=7080</a> |
Pas d'exemplaire disponible.




Réseaux sociaux